Culture générale sur le gris - Statistiques

Statistiques générales
  • Ce quiz a été pris 165 fois
  • Le résultat moyen est 10 sur 15
Statistiques - réponses
Hint Réponse % Correct
le gris est grosso modo un mélange de deux couleurs : le blanc et le... noir
100%
partie du corps qui vire gris au fur et a mesure que les années passent cheveux
85%
animal d'Afrique et d'Asie absolument GIGANTESQUE et qui est gris éléphant
85%
sentiment auquel est associé le gris de manière générale tristesse
84%
organe qui correspond à la matière grise cerveau
77%
métal précieux qui est gris argent
72%
site internet (duquel je tire le maximum d'infos pour ces quizs) dont le logo est gris wikipedia
70%
planète qui est de couleur grise dans le système solaire mercure
69%
autre nom donné au crayon gris crayon à papier
60%
film anglais réalisé par Sam Taylor Johnson en 2015 avec "gris" (grey (;))) dans le titre 50 nuances de grey
56%
adjectif dérivé de gris signifiant un gris un peu sale concrètement grisatre
55%
oiseau bavard dont il existe une espece qui se nomme "... gris du gabon" perroquet
50%
expression signifiant que le temps (météo) est pas dingue quoi faire gris
39%
nuance de gris rappelant un rongeur gris souris
35%
expression signifiant "laisser apparaitre sa mauvaise humeur" faire grise mine
14%
Aucun quiz correspondant
Distribution des résultats
% des personnes avec chaque résultat
Percentile par nombre de réponses
Votre historique - résultats
Vous n’avez pas pris ce quiz